Statistics for McJuggerNuggets Characters

Click here to take the quiz!

General Stats

  • This quiz has been taken 162 times
  • The average score is 12 of 23

Answer Stats

HintAnswer% Correct
ProtagonistJesse Ridgeway
90%
Uncle #1Larry Abraham
84%
Best Friend/CameramanZachary Cornatzer
83%
Dog #2Ella
70%
GirlfriendJuliette Reilly
66%
Aunt #1Melissa Stahlberger
66%
BrotherJeffrey Ridgeway
64%
Cousin #1Tom Abraham
64%
MotherTerry Abraham
63%
Uncle #4Chris Ridgeway
60%
Dog #1Poopy John
60%
Electrician/FriendBuzz Simkins
54%
Aunt #2Jackie Mixner
54%
Dog #3Luna
54%
Uncle's CatGarfunkle
48%
Uncle #3Chuck Mixner
39%
Cousin #2Georgie Stahlberger
36%
Uncle #2George Stahlberger
34%
Farm OwnerAnita
31%
Farm Owners SisterNancy
28%
His truck was destroyedWarrior
24%
Main AntagonistPsycho Dad
14%
Daughter of the AboveJessica
6%

Score Distribution

Percentile by Number Answered

Percent of People with Each Score

Your Score History

You have not taken this quiz